Statistics for 2012 Oscar Nominees Quiz

Click here to take the quiz!

General Stats

  • This quiz has been taken 1,679 times
    (1,678 since last reset)
  • The average score is 11 of 39

Answer Stats

Category Answer % Correct
Best PictureThe Artist
70%
Best ActressMeryl Streep
66%
Best ActorGeorge Clooney
65%
Best ActorBrad Pitt
65%
Best PictureThe Descendants
50%
Best PictureHugo
48%
Best PictureMoneyball
48%
Best PictureThe Help
46%
Best DirectorMartin Scorsese
39%
Best ActorJean Dujardin
39%
Best ActressViola Davis
37%
Best Supporting ActorJonah Hill
34%
Best Supporting ActressOctavia Spencer
33%
Best PictureWar Horse
32%
Best Supporting ActorChristopher Plummer
29%
Best Animated FeatureRango
28%
Best PictureExtremely Loud and Incredibly Close
28%
Best PictureThe Tree of Life
28%
Best PictureMidnight in Paris
27%
Best ActressMichelle Williams
26%
Best Supporting ActressJessica Chastain
25%
Best ActorGary Oldman
24%
Best ActressGlenn Close
23%
Best DirectorWoody Allen
23%
Best ActressRooney Mara
22%
Best Supporting ActressBérénice Bejo
22%
Best DirectorAlexander Payne
19%
Best DirectorMichel Hazanavicius
18%
Best Animated FeaturePuss in Boots
18%
Best Supporting ActorMax von Sydow
17%
Best Animated FeatureKung Fu Panda 2
17%
Best Supporting ActressMelissa McCarthy
16%
Best Supporting ActorKenneth Branagh
15%
Best Supporting ActorNick Nolte
15%
Best DirectorTerrence Malick
15%
Best ActorDemián Bichir
14%
Best Supporting ActressJanet McTeer
13%
Best Animated FeatureA Cat in Paris
13%
Best Animated FeatureChico and Rita
11%

Score Distribution

Percentile by Number Answered

Percent of People with Each Score

Your Score History

You have not taken this quiz since the last reset